Turma da Mônica - Geração 12 (Record no. 122527)

MARC details
000 -LÍDER
campo de controle de tamanho fixo 00899 a2200157 4500
001 - NÚMERO DE CONTROLE
campo de controle 122527
020 ## - ISBN - INTERNATIONAL STANDARD BOOK NUMBER
ISBN - International Standard Book Number 9788542621815
040 ## - FONTE DA CATALOGAÇÃO
Instituição que transcreveu o registro Escola Canadense de Niteroi
090 ## - NÚMERO DE CHAMADA LOCAL
Número de chamada (OCLC) (R); Número de chamada, CALL (RLIN) (NR) SOU - Turma da mônica jovem
245 10 - TÍTULO
Título Turma da Mônica - Geração 12
260 ## - PUBLICAÇÃO, DISTRIBUIÇÃO, ETC.
Local de publicação, distribuição, etc. São Paulo
362 0# - DATAS DE PUBLICAÇÃO E/OU DESIGNAÇÃO SEQUENCIAL
Datas de publicação e/ou designação sequencial 2019
490 0# - TÍTULO DA SÉRIE
Título da série Geração 12
520 ## - NOTA DE RESUMO, ETC
Resumo, etc. A primeira revista do selo Mangá MSP traz "Um Novo Tempo". O recém-inaugurado Instituto Astro de Exploração Espacial abriu as portas para receber sua primeira geração de alunos com 12 anos de idade. Estudar planetas e luas, conhecer alienígenas, caminhar numa sala com gravidade zero... Essas são apenas algumas das aulas para quem sonha em viajar pelo universo como o Astronauta Pereira.<br/>Esta edição revela um pouco desse novo mundo, enquanto a Turma da Mônica Geração 12 se prepara para uma grande aventura!<br/>(Grade Level: 7-9)
942 ## - ELEMENTOS DE ENTRADA ADICIONADOS (KOHA)
Tipo de material Koha Livros
Holdings
Situação do descarte Situação das perdas Situação física Não pode ser emprestado Biblioteca de origem Biblioteca atual Data de aquisição Total de empréstimos Número de chamada completo Código de barras Data de último acesso Data do preço efetivo Tipo de material Koha
        Canadian School of Niterói - Piratininga Canadian School of Niterói - Piratininga 09/02/2024   SOU - Turma da mônica jovem A21282 09/02/2024 09/02/2024 Livros